| 000 | 00535nam a2200229Ia 4500 | ||
|---|---|---|---|
| 003 | 0100 | ||
| 008 | 130303s9999 xx 000 0 und d | ||
| 020 | _a393056074 | ||
| 040 | _cARRUPELIB | ||
| 050 | _aD359.R48 1977 | ||
| 100 | _aRich, Norman | ||
| 245 | 4 | _aThe age of nationalism and reform, 1850-1890 | |
| 250 | _a2nd | ||
| 260 | _aNew York | ||
| 260 | _bNorton | ||
| 260 | _C1977 | ||
| 300 | _axv | ||
| 300 | _b 270p. 21cm. | ||
| 440 | _aThe Norton history of modern Europe | ||
| 700 | _aNorman Rich | ||
| 942 | 0 | 0 | _01 |
| 999 |
_c14185 _d14185 |
||